000 00643cam a2200229 a 4500
001 4833188
005 20240212004105.0
008 900803s1991 enk b 001 0 eng
020 _a0415054346
020 _a0415054354 (pbk.)
040 _aDLC
_cDLC
_dDLC
082 0 0 _a306.85
_220
_bJUL.
100 1 _aMacCannell, Juliet Flower,
245 1 4 _aThe regime of the brother :
_bafter the patriarchy /
_cJuliet Flower MacCannell.
260 _aLondon ;
_aNew York :
_bRoutledge,
_c1991.
300 _axii, 226 p. ;
650 0 _aWomen
650 0 _aSocial history.
650 0 _aWomen in literature.
650 0 _aFeminist theory.
942 _cL
999 _c369
_d369